|
|
|
|
| LEADER |
00000nam0a2200000 4500 |
| 001 |
377391 |
| 005 |
20231102012918.0 |
| 035 |
|
|
|a (RuTPU)RU\TPU\retro\34842
|
| 035 |
|
|
|a RU\TPU\book\327715
|
| 090 |
|
|
|a 377391
|
| 100 |
|
|
|a 20230303d1975 k y0rusy5003 ca
|
| 101 |
0 |
|
|a rus
|
| 102 |
|
|
|a RU
|
| 105 |
|
|
|a a z 001zy
|
| 200 |
1 |
|
|a Минералогия и геохимия метаморфогенных сегрегационных пегматоидов
|f С. В. Мельгунов, Н. А. Кулик, И. Т. Бакуменко
|g Академия наук СССР (АН СССР), Сибирское отделение (СО), Институт геологии и геофизики (ИГиГ) ; отв. ред. А. С. Митропольский
|
| 210 |
|
|
|a Новосибирск
|c Наука
|d 1975
|
| 215 |
|
|
|a 92 с.
|c ил.
|
| 225 |
1 |
|
|a Труды Института геологии и геофизики
|v Вып. 236
|
| 320 |
|
|
|a Библиогр.: с. 89-91.
|
| 330 |
|
|
|a В книге приводятся результаты изучения метаморфогенных пегматоидов, содержащих в значительных количествах кордиерит, андалузит, дистен, силлиманит. Описан минеральный состав отдельных типов сегрегационных пегматоидов, приведены данные о физико-химических условиях их образования. Подробно изложен материал по геохимии прогрессивного метаморфизма, рассмотрено поведение породообразующих элементов и элементов-примесей, в том числе урана и тория. Книга представляет интерес для геохимиков и минералогов, а также специалистов, занимающихся вопросами метаморфизма.
|
| 606 |
1 |
|
|a Горные породы, метаморфические
|x Петрография
|2 stltpush
|3 (RuTPU)RU\TPU\subj\8136
|9 35620
|
| 610 |
1 |
|
|a минералогия
|
| 610 |
1 |
|
|a геохимия
|
| 610 |
1 |
|
|a пегматоиды
|
| 610 |
1 |
|
|a породы
|
| 610 |
1 |
|
|a минеральный состав
|
| 610 |
1 |
|
|a метаморфизм
|
| 675 |
|
|
|a 552.4
|z rus
|v 3
|
| 700 |
|
1 |
|a Мельгунов
|b С. В.
|g Сергей Владимирович
|
| 701 |
|
1 |
|a Кулик
|b Н. А.
|g Наталья Артемовна
|
| 701 |
|
1 |
|a Бакуменко
|b И. Т.
|g Игорь Тимофеевич
|
| 702 |
|
1 |
|a Митропольский
|b А. С.
|g Александр Сергеевич
|4 340
|
| 712 |
0 |
2 |
|a Академия наук СССР (АН СССР)
|b Сибирское отделение (СО)
|b Институт геологии и геофизики (ИГиГ)
|c (Новосибирск)
|2 stltpush
|3 (RuTPU)RU\TPU\col\128
|
| 801 |
|
0 |
|a RU
|b RuMRKP
|c 19950704
|g psbo
|
| 801 |
|
1 |
|a RU
|b 63413507
|c 20150824
|
| 801 |
|
2 |
|a RU
|b 63413507
|c 20230306
|g RCR
|
| 942 |
|
|
|c BK
|